| 000 | 00766na a2200265 4500 | ||
|---|---|---|---|
| 001 | 14333 | ||
| 003 | MIRAKIL | ||
| 005 | 20181213155206.0 | ||
| 008 | 160920b tu 000 0 | ||
| 035 | _a14333 | ||
| 040 |
_aMilas _btur _cTR-AnCHP |
||
| 082 |
_a956.7044 _bT26ı 1990 |
||
| 090 | _a956.7044 T26ı 1990 | ||
| 100 | _aTartanoğlu, Ali | ||
| 245 |
_aIrak Saddam Körfez _cAli Tartanoğlu |
||
| 260 |
_a[y.y] _b[ yayl. y.] _c[t.y] |
||
| 300 |
_a195 s. _bfotg. _c19 sm. |
||
| 600 |
_aHüseyin, Saddam _xPsikoloji _y1937-2006 |
||
| 650 | _aKörfez krizi | ||
| 650 |
_aKörfez Savaşı _y1990-1991 |
||
| 650 |
_aSiyaset ve yönetim _zIrak |
||
| 650 |
_aBasra Körfez Bölgesi _xSiyaset ve yönetim |
||
| 651 |
_aIrak _xTarih _y1979-1991 |
||
| 942 |
_2ddc _cBKS |
||
| 999 |
_c8307 _d8307 |
||